تاريخ الدولة المغولية في إيران / (رقم التسجيلة. 28293)

تفاصيل مارك
000 -LEADER
fixed length control field 00537nam a22001817a 4500
005 - DATE AND TIME OF LATEST TRANSACTION
control field 20251108165443.0
008 - FIXED-LENGTH DATA ELEMENTS--GENERAL INFORMATION
fixed length control field 250721s1981 xx 000 0 ara d
082 14 - DEWEY DECIMAL CLASSIFICATION NUMBER
Classification number 955.02/عبد
100 1# - MAIN ENTRY--PERSONAL NAME
Personal name فهمي، عبد السلام عبد العزيز
245 10 - TITLE STATEMENT
Title تاريخ الدولة المغولية في إيران /
264 1# - PRODUCTION, PUBLICATION, DISTRIBUTION, MANUFACTURE, AND COPYRIGHT NOTICE
Place of production, publication, distribution, manufacture القاهره :
Name of producer, publisher, distributor, manufacturer دار المعارف،
Date of production, publication, distribution, manufacture, or copyright notice 1981.
300 ## - PHYSICAL DESCRIPTION
Extent 277ص
650 17 - SUBJECT ADDED ENTRY--TOPICAL TERM
Topical term or geographic name as entry element إيران
650 17 - SUBJECT ADDED ENTRY--TOPICAL TERM
Topical term or geographic name as entry element تاريخ إيران
650 17 - SUBJECT ADDED ENTRY--TOPICAL TERM
Topical term or geographic name as entry element المغول
942 ## - ADDED ENTRY ELEMENTS (KOHA)
Source of classification or shelving scheme Dewey Decimal Classification
Koha item type كتب
المقتنيات
حالة السحب حالة الفقدان مصدر التصنيف حالة التلف غير قابل للإعارة المكتبة الرئيسية المكتبة الحالية موقع الرف تاريخ التزويد الرقم المتسلسل Total Checkouts رقم الإستدعاء الباركود تاريخ آخر ظهور تاريخ الفاتورة نوع المادة (كوها)
    Dewey Decimal Classification     المكتبة المركزية المكتبة المركزية الإعارة 06/07/2004 95326   955.02/عبد 95326 28/07/2025 06/07/2004 كتب
Implemented & Customized by: BBB with SCIT (Smart Chains for Information Technology)

Powered by Koha